[Event "IECG TG-2003-0-14830"]
[Site "IECG email"]
[Date "2003.03.18"]
[Round "2"]
[White "Gates, Scott"]
[Black "Michael, Holger"]
[Result "0-1"]
[WhiteElo "1200"]
[BlackElo "1223"]
[PlyCount "58"]
[EventDate "2003.03.18"]
[EventType "tourn (corr)"]
[EventRounds "6"]
[SourceTitle "Corr 2024"]
[Source "ChessBase"]
[SourceDate "2023.10.19"]
[SourceVersion "1"]
[SourceVersionDate "2023.10.19"]
[SourceQuality "1"]

1. e4 e5 2. Nf3 Nf6 3. Nc3 Nc6 4. Bb5 Bb4 5. 0-0 0-0 6. d3 d6 7. Bg5 Bxc3 8. bxc3 Qe7 9. Qd2 h6 10. Bxf6 Qxf6 11. Bxc6 bxc6 12. Rfb1 Bg4 13. Qe3 Bxf3 14. Qxf3 Qxf3 15. gxf3 Rab8 16. Kg2 a5 17. Kg3 g5 18. Kg4 Rb6 19. Kf5 Rfb8 20. Rxb6 Rxb6 21. Rg1 Rb2 22. h4 Rxc2 23. hxg5 h5 24. Rh1 Rxc3 25. f4 Rxd3 26. Rxh5 Rf3 27. Rh4 Rxf2 28. a4 c5 29. Rg4 c4 0-1

[Event "IECG TG-2003-0-14830"]
[Site "IECG email"]
[Date "2003.03.18"]
[Round "1"]
[White "Michael, Holger"]
[Black "Gates, Scott"]
[Result "1-0"]
[WhiteElo "1223"]
[BlackElo "1200"]
[PlyCount "47"]
[EventDate "2003.03.18"]
[EventType "tourn (corr)"]
[EventRounds "6"]
[SourceTitle "Corr 2024"]
[Source "ChessBase"]
[SourceDate "2023.10.19"]
[SourceVersion "1"]
[SourceVersionDate "2023.10.19"]
[SourceQuality "1"]

1. e4 e5 2. Nf3 Nc6 3. d4 exd4 4. Nxd4 Nf6 5. Nc3 Bb4 6. Nxc6 bxc6 7. Bd3 d5 8. exd5 Qxd5 9. 0-0 Bxc3 10. bxc3 0-0 11. Re1 Bg4 12. f3 Bf5 13. c4 Qd7 14. Bb2 Rae8 15. Bxf6 gxf6 16. Be4 Qe7 17. Qd4 c5 18. Qd5 Bxe4 19. Rxe4 Qd6 20. Rd1 Rxe4 21. fxe4 Re8 22. Rf1 Qe5 23. Qxe5 Rxe5 24. Rf4 1-0